Icelandic cities and towns - Statistics

General Stats
  • This quiz has been taken 8 times
  • The average score is 38 of 103
Answer Stats
Answer % Correct
Reykjavik
100%
Akureyri
63%
Keflavík
63%
Vík
63%
Akranes
50%
Blönduós
50%
Bolungarvík
50%
Borg
50%
Borgarnes
50%
Dalvík
50%
Egilsstaðir
50%
Eskifjörður
50%
Garðabær
50%
Garður
50%
Grindavik
50%
Hafnarfjörður
50%
Hella
50%
Höfn
50%
Hveragerði
50%
Hvolsvöllur
50%
Ísafjörður
50%
Kopavogur
50%
Laugar
50%
Mosfellsbær
50%
Neaskaupstaður
50%
Ólafsfjörður
50%
Raufarhöfn
50%
Reyðarfjörður
50%
Rif
50%
Sandgerði
50%
Sauðárkrókur
50%
Selfoss
50%
Seyðisfjörður
50%
Siglufjörður
50%
Skagaströnd
50%
Stykkishólmur
50%
Þorlákshöfn
50%
Vogar
50%
Árnes
38%
Drangsnes
38%
Fáskrúðsfjörður
38%
Fellabær
38%
Flatey
38%
Flateyri
38%
Hólmavík
38%
Húsavík
38%
Kirkjubæjarklaustur
38%
Kópasker
38%
Laugarvatn
38%
Ólafsvík
38%
Patreksfjörður
38%
Reykjahlíð
38%
Súðavík
38%
Suðureyri
38%
Svalbarðseyri
38%
Þingeyri
38%
Þórshöfn
38%
Varmahlíð
38%
Vestmannaeyjar
38%
Vopnafjörður
38%
Álftanes
25%
Arnarstapi
25%
Árskógssandur
25%
Bíldudalur
25%
Brautarholt
25%
Breiðdalsvík
25%
Búðardalur
25%
Djúpivogur
25%
Eyrarbakki
25%
Flúðir
25%
Grenivík
25%
Grímsey
25%
Grundarfjörður
25%
Grundarhverfi
25%
Hafnir
25%
Hauganes
25%
Hellissandur
25%
Hnífsdalur
25%
Hofsós
25%
Hrafnagil
25%
Hrísey
25%
Hvammstangi
25%
Hvanneyri
25%
Laugarás
25%
Melahverfi
25%
Nesjahverfi
25%
Reykhólar
25%
Reykholt
25%
Sólheimar
25%
Stöðvarfjörður
25%
Stokkseyri
25%
Tálknafjörður
25%
þykkvibær
25%
Bifröst
13%
Hólar
13%
Innes
13%
Kristnes
13%
Mosfellsdalur
13%
Rauðalækur
13%
Tjarnabyggð
13%
Brúnahlíð
0%
No matching quizzes found
Score Distribution
Percent of People with Each Score
Percentile by Number Answered
Your Score History
You have not taken this quiz